000
00264nam a2200097Ia 4500
001
639998
005
20250826153438.0
008
250824s9999 xx 000 0 und d
245
0
_a
AFACAN 5 LER 5 KARAVANLA TATİLDE/E BLYTON/ARTEMİS
_c
ENID BLYTON
260
_b
ARTEMİS
999
_c
639998
_d
639998